Necesidades de capacitación en las PYMES del Cantón de Bagaces = Training needs of smes Bagaces city /
Gorde:
| Egile nagusia: | |
|---|---|
| Formatua: | Texto |
| Etiketak: |
Etiketa erantsi
Etiketarik gabe, Izan zaitez lehena erregistro honi etiketa jartzen!
|
MARC
| LEADER | 00000 a a2200000 04500 | ||
|---|---|---|---|
| 001 | 48690 | ||
| 003 | |||
| 040 | |||
| 100 | |a Bermúdez Carrillo, Luis Alberto | ||
| 245 | |a Necesidades de capacitación en las PYMES del Cantón de Bagaces = |b Training needs of smes Bagaces city / |c Luis Alberto Bermúdez Carrillo | ||
| 773 | |g volumen 93, número 2, (2015), páginas 11-21 : tablas | ||
| 999 | |c 40022 |d 40022 | ||
